Safety Assistance System Using Convolutional Neural Networks

Cieľom tohto príspevku je vytvoriť bezpečnostný asistenčný systém pre vozidlo, ktoré je schopné rozpoznať nebezpečné situácie počas jazdy pomocou prednej kamery. Okrem detekcie týchto udalostí je systém schopný varovať vodiča pomocou zvukových a vizuálnych efektov, aby zabránil prípadnej nehode. Hla...

Full description

Saved in:
Bibliographic Details
Main Author: Cigánek, Ján
Other Authors: Žemla, Filip
Format: Book Chapter
Language:English
Subjects:
Tags: Add Tag
No Tags, Be the first to tag this record!

MARC

LEADER 00000naa a2200000 4500
001 0308096
005 20250410131106.5
041 0 |a eng 
044 |a SK 
245 1 0 |a Safety Assistance System Using Convolutional Neural Networks  |c Ján Cigánek, Filip Žemla 
520 |a Cieľom tohto príspevku je vytvoriť bezpečnostný asistenčný systém pre vozidlo, ktoré je schopné rozpoznať nebezpečné situácie počas jazdy pomocou prednej kamery. Okrem detekcie týchto udalostí je systém schopný varovať vodiča pomocou zvukových a vizuálnych efektov, aby zabránil prípadnej nehode. Hlavný princíp práce spočíva vo vytvorení a trénovaní konvolučnej neurónovej siete, ktorá bude schopná detegovať množinu objektov na obrázkoch, videách alebo snímkach kamier zachytených v reálnom čase a tieto objekty vizualizovať vo vytvorenej aplikácii. 
610 2 0 |a siete neurónové 
610 2 0 |a doprava 
610 2 0 |a aplikácie mobilné 
610 2 0 |a bezpečnosť 
100 1 |a Cigánek, Ján 
700 1 |a Žemla, Filip